000 01189nam2a22002411 4500
001 RU\NLR\BIBL_A\022792898
005 20260426081232.0
035 _a(NLR Aleph) 022792898
035 _a(RuMoRGB)005134879
035 _a(RuMoELAR)1917-45-100074172
090 _a13698637
_c13698637
100 _a20260422d1940 u y0rusy50 ca
101 0 _arus
102 _aRU
105 _aa||||||||||||
200 1 _aЭлектротехника
_fПроф. А. А. Петровский и доц. А. П. Пепелиев
210 _d1940
215 _a220 с.
_cил., черт.
461 0 _1001RU\NLR\BIBL_A\022792895
_12001#$aСпециальный курс электротехники и радиотехники для разведчиков-геофизиков$vЧ. 1
_913698635
_aПетровский, А. А. (1873-1942)
_cМосква
_d1940
_fПроф. А. А. Петровский и доц. А. П. Пепеляев
_nГостоптехиздат
_p2 т.
_tСпециальный курс электротехники и радиотехники для разведчиков-геофизиков
_vЧ. 1
852 _aNLR
_j40-18/153
942 _cBOOK
980 _aNB